01394cam a22002171 45000010005000000030006000050050017000110080041000280100017000690350019000860400024001050500019001290820011001481000018001592450036001772500033002132600028002463000040002745200836003146500026011502715FISKH20240111093846.0750512t19631962nyua 000 0 eng  a 62010104  a(OCoLC)1327756 aDLCcFMdOCoLCdDLC00aD530b.P5 1963 a940.431 aPitt, Barrie.10a1918bthe last actcbarrie pitt aCorgi edition published 1965 aNew York,bCasselc1962 a318 pages :billustrations c22 cm. aBy 1918, after three years of war, Europe was weary of the stalemate and the terrible slaughter on the Western Front. The Russian Front had collapsed but the United States had abandoned her neutral stance and joined the Allies. So the stage was set for what would be the last year of the Great War. Acclaimed historian Barrie Pitt describes the savage battles that raged unceasingly along the Western Front, and analyses the policies of the warring powers and studies the men who led them. From the German onslaught of 21st March 1918 - the Kaiser's Battle designed to force a resolution before America's armies could tip the balance - through the struggles in Champagne and the Second Battle of the Marne to the turning point in August and final victory, the author gathers together scattered material to make an enthralling book. 0aWorld War, 1914-1918.